Displacement, revolution and the new urban condition : (Record no. 88272)

MARC details
000 -LEADER
fixed length control field 01240nam a22002417a 4500
005 - DATE AND TIME OF LATEST TRANSACTION
control field 20140904111538.0
010 ## - LCCN (DPL NO)
LC control number ENG-110720
020 ## - INTERNATIONAL STANDARD BOOK NUMBER
International Standard Book Number 9788132116608
Terms of availability 645.00
035 ## - SYSTEM CONTROL NUMBER
System control number EN-94252
037 ## - SOURCE OF ACQUISITION
Source of stock number/acquisition DBAD/PUB
082 ## - DEWEY DECIMAL CLASSIFICATION NUMBER
Classification number 307.2
100 ## - MAIN ENTRY--PERSONAL NAME
Personal name Chatterjee, Ipsita
245 ## - TITLE STATEMENT
Title Displacement, revolution and the new urban condition :
Statement of responsibility, etc by Ipsita Chatterjee
Remainder of title theories and case studies /
260 ## - PUBLICATION, DISTRIBUTION, ETC. (IMPRINT)
Place of publication, distribution, etc New Delhi
Name of publisher, distributor, etc Sage Publications
Date of publication, distribution, etc 2014
270 ## - ADDRESS
Address B1/ I-1 Mohan Cooperative Industrial Area,Mathura Road
City New Delhi
Postal code 110044
300 ## - PHYSICAL DESCRIPTION
Extent xvi,158p.
Dimensions 22cm(Hb)
500 ## - GENERAL NOTE
General note Includes bibliographical references and index
505 ## - FORMATTED CONTENTS NOTE
Formatted contents note Acknowledgments -- Preface -- List of images -- Introduction -- New urban politics -- Accumulation, estrangement, and displacement -- Resettlement and the territorialization of exploitation -- Of unruly practices and resistance -- Reversing the arrow? : theory transfer and theory-building -- Bibliography -- Index -- About the author.
650 ## - SUBJECT ADDED ENTRY--TOPICAL TERM
Topical term or geographic name as entry element Forced migration
General subdivision Social aspects
Geographic subdivision Developing countries
650 ## - SUBJECT ADDED ENTRY--TOPICAL TERM
Topical term or geographic name as entry element Urbanization
Geographic subdivision Developing countries
General subdivision Social aspects.
650 ## - SUBJECT ADDED ENTRY--TOPICAL TERM
Topical term or geographic name as entry element Economic development projects
Geographic subdivision Developing countries.
942 ## - ADDED ENTRY ELEMENTS (KOHA)
Source of classification or shelving scheme Dewey Decimal Classification
Item type English Books
Call number suffix CHA
Classification part 307.2
Holdings
Withdrawn status Lost status Not for loan Collection code Home library Current library Date acquired Source of acquisition Cost, normal purchase price Full call number Barcode Copy number Cost, replacement price Koha item type
    Not For Loan Non-fiction D.B.Act.Division D.B.Act.Division 03/09/2014 DBAD/PUB 645.00 307.2 CHA EN-94252 1 645.00 English Books

© Delhi Public Library
Hit Counter
free hit counter